| 000 | 00696nam a22002175i 4500 | ||
|---|---|---|---|
| 001 | 175982 | ||
| 003 | ES-MaACL | ||
| 005 | 20230906215946.0 | ||
| 008 | 101003s2010 sp o |||| | spa d | ||
| 020 | _a978-84-87511-30-1 | ||
| 080 | _a821.134.2-21"19/20" | ||
| 100 | 1 |
_aCernuda, Alfredo. _9143802 |
|
| 245 | 1 | 0 |
_aOjos de niebla / _cAlfredo Cernuda. |
| 260 |
_aAlcalá de Henares (Madrid) : _bTeatro Independiente Alcalaíno, _cD. L. 2010. |
||
| 300 |
_a120 p. ; _c18 cm. |
||
| 490 | 1 |
_aColección nuevos autores ; _v31 |
|
| 710 | 2 |
_aTeatro Independiente Alcalaíno. _9144180 |
|
| 830 | 0 |
_aColección nuevos autores ; _v31 _9189758 |
|
| 852 |
_aES-MaACL _j2272-F-2 |
||
| 999 |
_c175982 _d175982 |
||